Sports Quiz

Random Sports or MLB Quiz

1999 MLB Batting Leaders Quiz Stats

 Plays Quiz not verified by Sporcle

Score 0/21 Timer 10:00
0 Plays Today
Statistic Player Name % Correct
Home RunsMark McGwire
100%
Intentional Bases on BallsMark McGwire
100%
Extra Base HitsSammy Sosa
97.2%
Batting AverageLarry Walker
80.6%
On-Base %Larry Walker
80.6%
Slugging %Larry Walker
80.6%
On-Base Plus SluggingLarry Walker
80.6%
RBIManny Ramirez
75%
DoublesCraig Biggio
72.2%
Games PlayedJohn Olerud, Andruw Jones, Sammy Sosa, B.J. Surhoff, and Jeff Bagwell
69.4%
Runs ScoredJeff Bagwell
69.4%
Statistic Player Name % Correct
Bases on BallsJeff Bagwell
69.4%
HitsDerek Jeter
63.9%
Double Plays Grounded IntoIvan Rodriguez
52.8%
StrikeoutsSammy Sosa and Jim Thome
50%
Sacrifice FliesRoberto Alomar
36.1%
Hit By PitchBrady Anderson
33.3%
Stolen BasesTony Womack
30.6%
At BatsNeifi Perez
22.2%
Sacrifice HitsShane Reynolds and Omar Vizquel
19.4%
TriplesNeifi Perez, Jose Offerman, and Bobby Abreu
16.7%

You're not logged in!

Compare scores with friends on all Sporcle quizzes.
OR
Log In

Sporcle TV

Today on Sporcle TV


Watch our educational content, quiz creation guides, and fun videos on Sporcle TV.

Show Comments

Extras

Top Quizzes Today


Score Distribution

Your Account Isn't Verified!

In order to create a playlist on Sporcle, you need to verify the email address you used during registration. Go to your Sporcle Settings to finish the process.

Report this User

Report this user for behavior that violates our Community Guidelines.

Details: